[Event "Floripa Chess Open 2024"]
[Site "Florianopolis"]
[Date "2024.01.27"]
[Round "9.112"]
[White "Nakata, Thifanni Harumi"]
[Black "Elesbao, Bernardo Dartora"]
[Result "0-1"]
[WhiteElo "1785"]
[BlackElo "1551"]
[PlyCount "100"]
[EventDate "2024.01.20"]
[EventRounds "10"]
[EventCountry "BRA"]

1. d4 d5 2. c4 c6 3. Nc3 Nf6 4. Nf3 e6 5. Bg5 Nbd7 6. e3 Bd6 7. Bd3 dxc4 8.
Bxc4 b5 9. Bd3 h6 ({RR} 9... Bb7 10. O-O Qc7 11. Rc1 a6 12. a4 b4 13. Ne4 Nxe4
14. Bxe4 h6 15. Bh4 O-O 16. Bg3 Bxg3 17. hxg3 Rac8 18. Nd2 e5 19. Nb3 Nf6 20.
Bf3 Rfd8 21. Qc2 exd4 22. exd4 a5 23. Qc5 Nd7 24. Qxa5 {Vescovi,G (2631)
-Palozi,P (2258) Sao Paolo 2011 1-0 (32)}) ({RR} 9... Bb7 10. O-O O-O 11. Ne4
Be7 12. Rc1 a6 13. Nxf6+ Nxf6 14. Ne5 c5 15. dxc5 Qd5 16. c6 Qxe5 17. cxb7 Rad8
18. Bf4 Qxb2 19. b8=Q Rxb8 20. Bxb8 Rxb8 21. Qc2 Qe5 22. Qc7 Qxc7 23. Rxc7 Nd5
24. Ra7 {Rottenwohrer Suarez,J (2265)-Sammed Jaykumar,S (2440) chess.com INT
2023 0-1 (49)}) 10. Bh4 Bb7 11. Qe2 $146 ({RR} 11. Rc1 a6 12. Ne4 Bb4+ 13. Nfd2
Qb6 14. a3 Be7 15. Bg3 c5 16. dxc5 Bxc5 17. O-O Nd5 18. Nxc5 Nxc5 19. Be2 O-O
20. Be5 Nd7 21. Bd4 Qd8 22. Bf3 Qg5 23. Ne4 Qg6 24. Nd6 Bc8 25. Qb3 N7f6 {
Manninen,J-Wikman,B Tammisaari 1998 0-1 (43)}) ({RR} 11. O-O g5 12. Bg3 Bxg3
13. hxg3 a6 14. b4 a5 15. a3 axb4 16. axb4 Rxa1 17. Qxa1 Qb6 18. Nd2 O-O 19.
Nb3 Ne8 20. Ne4 Ndf6 21. Nbc5 Nxe4 22. Bxe4 Nd6 23. Bc2 Ra8 24. Qc3 Re8 25. e4
Bc8 {Nguyen Van Huy (2457)-Adireddy,A (1731) Bhopal IND 2019 1-0 (44)}) 11...
b4 12. Ne4 Be7 13. Bg3 Nxe4 14. Bxe4 Nf6 15. Bd3 O-O 16. O-O Rc8 17. Rfd1 Qa5
18. e4 Rfd8 19. e5 Nh7 20. Nd2 c5 21. Nb3 Qb6 22. dxc5 Bxc5 23. Nxc5 Qxc5 24.
Bf4 Qa5 25. a3 b3 26. Qg4 Qa4 27. Qg3 Rd4 28. Be3 Rg4 29. Qh3 Rxg2+ 30. Kf1 Ng5
31. Bxg5 Rxg5 32. Qe3 Bg2+ 33. Ke2 Qg4+ 34. Kd2 Qh4 35. Rac1 Rd8 36. Rc3 Bd5
37. Rdc1 g6 38. Rc8 Rg2 39. Ke2 Qg4+ 40. Kd2 Rxc8 41. Rxc8+ Kg7 42. h3 Qh4 43.
Ke2 Qh5+ 44. Kd2 Rg1 45. Be2 Qf5 46. Bd3 Qg5 47. f4 Qg2+ 48. Be2 Rb1 49. Kc3
Qh1 50. Kb4 Qe1+ 0-1

[Event "Floripa Chess Open 2024"]
[Site "Florianopolis"]
[Date "2024.01.27"]
[Round "9.113"]
[White "Pavao, Fabio Biasi"]
[Black "Da Costa, Mariana Nara Santan"]
[Result "1/2-1/2"]
[WhiteElo "1783"]
[BlackElo "1544"]
[PlyCount "35"]
[EventDate "2024.01.20"]
[EventRounds "10"]
[EventCountry "BRA"]

1. c4 c6 2. Nf3 d5 3. e3 Nf6 4. Nc3 Bg4 5. cxd5 cxd5 6. Qb3 Bxf3 7. Qxb7 Nbd7
8. gxf3 e6 9. Nb5 Rc8 10. Nxa7 ({RR} 10. Qxa7 Bc5 11. Qa4 O-O 12. d4 Be7 13.
Bd3 e5 14. Bd2 Qb6 15. O-O e4 16. fxe4 dxe4 17. Be2 Qe6 18. Kh1 Ng4 19. d5 Qf5
20. Nd4 Qh5 21. Bxg4 Qxg4 22. Rg1 Qh3 23. Rg3 Nc5 24. Qa7 Qh4 {Morris-Suzuki,A
(1652)-Nasir,Z (2057) chess.com INT 2023 1-0}) 10... Rc7 11. Qa6 Nc5 $146 ({RR
} 11... Nb8 12. Qa4+ Nfd7 13. Nb5 Rc8 14. b3 Be7 15. Ba3 O-O 16. Bxe7 Qxe7 17.
Be2 Nc5 18. Qa3 Qf6 19. Rd1 Nbd7 20. b4 Nb7 21. Qd3 Ne5 22. Qd4 Nxf3+ 23. Bxf3
Qxf3 24. Rg1 g6 25. Qg4 Qf6 26. Qd4 {Batsiashvili,N (2459)-Borisova,E (2244)
St Petersburg RUS 2018 0-1 (35)}) ({RR} 11... Nb8 12. Qa4+ Nfd7 13. Nb5 Rc8 14.
b3 Be7 15. Ba3 O-O 16. Bxe7 Qxe7 17. Be2 Nc5 18. Qa3 Qf6 19. Rd1 Nbd7 20. b4
Nb7 21. Qd3 Ne5 22. Qd4 Nxf3+ 23. Bxf3 Qxf3 24. Rg1 g6 25. Qg4 Qf6 26. Qd4 {
Batsiashvili,N (2459)-Borisova,E (2244) St Petersburg RUS 2018 0-1 (35)}) 12.
Qb5+ Nfd7 13. Nc6 Qc8 14. Ne5 Rb7 15. Qc6 Rc7 16. Qb5 Rb7 17. Qc6 Rc7 18. Qb5
1/2-1/2

[Event "Floripa Chess Open 2024"]
[Site "Florianopolis"]
[Date "2024.01.27"]
[Round "9.114"]
[White "Bieging, Luca Jurgen"]
[Black "Cardoso, Maria Paula Da Silv"]
[Result "1/2-1/2"]
[WhiteElo "1436"]
[BlackElo "1780"]
[PlyCount "134"]
[EventDate "2024.01.20"]
[EventRounds "10"]
[EventCountry "BRA"]

1. e4 c5 2. Nf3 d6 3. d4 cxd4 4. Nxd4 Nf6 5. Nc3 a6 6. Bg5 e6 7. f4 Be7 8. Qf3
Qc7 9. O-O-O Nbd7 10. Bd3 b5 11. Rhe1 Bb7 12. Qg3 b4 13. Nd5 exd5 14. exd5 Kd8
15. Nc6+ Bxc6 16. dxc6 Nc5 17. Rxe7 ({RR} 17. Bh4 Rg8 18. Bxh7 Rh8 19. Qxg7
Rxh7 20. Qxf6 Rxh4 21. Qxf7 Rh8 22. Re5 Na4 23. Re3 Ra7 24. Rde1 Qxc6 25. Rxe7
Rxe7 26. Rxe7 Nb6 27. Qf6 Nd5 28. Qxh8+ Kxe7 29. Qg7+ Ke8 30. Qg8+ Ke7 31. Qg7+
Ke8 {Wang,H (2733)-Dominguez Perez,L (2730) Sochi 2012 1/2-1/2 (34)}) ({RR} 17.
Bc4 Qxc6 18. Bxf6 Bxf6 19. Bd5 Qa4 20. Bxa8 Qxa2 21. Rxd6+ Kc7 22. Rxf6 gxf6
23. f5+ Kc8 24. Qd6 Qa1+ 25. Kd2 Qa5 26. Qc6+ Kb8 27. Re8+ Rxe8 28. Qxe8+ Ka7
29. Bd5 b3+ 30. c3 Qc7 31. Qxf7 Qxf7 {Zampronha,W (2121)-Krishnan,R (2277)
chess.com INT 2024 0-1 (44)}) 17... Nxd3+ $146 ({RR} 17... Qxe7 18. Re1 Nxd3+
19. cxd3 Qf8 20. Qg4 Ra7 21. Qf5 a5 22. Bxf6+ gxf6 23. Qxf6+ Kc8 24. Qd4 Kb8
25. Qb6+ Ka8 26. c7 Qc8 27. Qc6+ Rb7 28. Qa6+ Ra7 29. Qc6+ {1/2-1/2 (29)
Thilakarathne,G (1674)-Mamyrbay,A (1904) Al Ain 2013}) 18. Rxd3 Qxe7 19. Re3
Qf8 20. Qh3 Ra7 21. Qf5 a5 22. Bxf6+ gxf6 23. Qxf6+ Kc8 24. Qd4 Ra6 25. Qc4 Rb6
26. Qd4 Qd8 27. Qd5 Qc7 28. Qxa5 Rxc6 29. Qa8+ Kd7 30. Qxh8 Rxc2+ 31. Kd1 Rc1+
32. Ke2 Qc2+ 33. Kf3 Rf1+ 34. Kg4 Qxg2+ 35. Rg3 Qe2+ 36. Kg5 Qxh2 37. Rg4 Rh1
38. Qg7 h6+ 39. Kf6 Qxb2+ 40. Kxf7 Qxa2+ 41. Kf8+ Kc6 42. Qd4 Re1 43. Rg6 Qa8+
44. Kg7 Qb7+ 45. Kh8 Re8+ 46. Rg8 Rxg8+ 47. Kxg8 b3 48. Qc4+ Kd7 49. Qf7+ Kc8
50. Qe8+ Kc7 51. Qe7+ Kc6 52. Qe4+ d5 53. Qe6+ Kc5 54. Qe3+ d4 55. Qc1+ Kb4 56.
Qd2+ Ka3 57. Qa5+ Kb2 58. Qd2+ Kb1 59. Qe1+ Kc2 60. Qe2+ Kc3 61. Qe1+ Kc2 62.
Qe2+ Kc1 63. Qe1+ Kb2 64. Qd2+ Ka1 65. Qe1+ Kb2 66. Qd2+ Kb1 67. Qe1+ Kc2
1/2-1/2

[Event "Floripa Chess Open 2024"]
[Site "Florianopolis"]
[Date "2024.01.27"]
[Round "9.115"]
[White "Ribeiro Jr, Valdir Uchoa"]
[Black "Soares, Rafael Tuma"]
[Result "1-0"]
[WhiteElo "1780"]
[BlackElo "1540"]
[PlyCount "69"]
[EventDate "2024.01.20"]
[EventRounds "10"]
[EventCountry "BRA"]

1. d4 Nf6 2. Nf3 g6 3. g3 Bg7 4. Bg2 O-O 5. O-O d6 6. c4 Nbd7 7. Nc3 e5 8. dxe5
dxe5 9. h3 c6 10. Be3 Qe7 11. Qc1 Ne8 ({RR} 11... Re8 12. Rd1 a5 13. Ng5 Nc5
14. b3 h6 15. Nf3 Kh7 16. g4 h5 17. Ng5+ Kg8 18. Bxc5 Qxc5 19. Nge4 Qe7 20.
Nxf6+ Qxf6 21. Ne4 Qh4 22. Nd6 Rd8 23. Nxc8 Raxc8 24. gxh5 Qxh5 25. Qe3 Rd4 26.
Rd3 {Aronian,L (2785)-Firouzja,A (2456) Doha 2016 1/2-1/2 (46)}) ({RR} 11...
Re8 12. Bh6 Bh8 13. Rd1 Nc5 14. Qe3 Bf5 15. Kh2 a5 16. Bg5 Qf8 17. Bh6 Qe7 18.
Bg5 Qf8 19. Bh6 Qe7 {1/2-1/2 (19) Mozny,M (2253)-Sadilek,M (2289) Austria AUT
2022}) 12. Bh6 $146 ({RR} 12. Rd1 Nd6 13. b3 Nf5 14. Rb1 Nxe3 15. Qxe3 f5 16.
b4 e4 17. Nd4 Ne5 18. c5 Nc4 19. Qc1 e3 20. Nxc6 exf2+ 21. Kxf2 bxc6 22. Bxc6
f4 23. Ne4 fxg3+ 24. Kg2 Be6 25. Bb5 Qh4 {0-1 (25) Dalsberg,S (1791)-Salov,S  
(2299) Hamburg 1999}) ({RR} 12. Rd1 f5 13. Rb1 e4 14. Nd2 h6 15. b4 g5 16. f4
exf3 17. Nxf3 g4 18. hxg4 fxg4 19. Nh4 Qe6 20. Nd5 Ne5 21. Bc5 Rf7 22. Nf4 Qf6
23. Nh5 Qe6 24. Rd8 Bf8 25. Bxf8 Rxf8 26. Rb3 Nxc4 {Wexler,B-Sumar,J Mar del
Plata 1951 1-0 (36)}) 12... f5 13. Bxg7 Kxg7 14. e4 h6 15. exf5 gxf5 16. Re1
Qf6 17. Qd2 Nd6 18. b3 Kh8 19. Rad1 Nf7 20. b4 Rg8 21. a3 Qg7 22. Nh2 Nf6 23.
Kf1 Be6 24. c5 Bc4+ 25. Kg1 e4 26. Qf4 Be6 27. Nf1 Nd7 28. Ne2 Qf6 29. Nd4 Nfe5
30. Nxe6 Nd3 31. Rxd3 exd3 32. Nc7 Rac8 33. Re6 Qf8 34. Rxh6+ Kg7 35. Ne6+ 1-0

[Event "Floripa Chess Open 2024"]
[Site "Florianopolis"]
[Date "2024.01.27"]
[Round "9.116"]
[White "Spieker, Otavio Schmidt"]
[Black "Mariot Vaz, Joao Antonio Bertol"]
[Result "1/2-1/2"]
[WhiteElo "1432"]
[BlackElo "1772"]
[PlyCount "96"]
[EventDate "2024.01.20"]
[EventRounds "10"]
[EventCountry "BRA"]

1. e4 e5 2. Nf3 d6 3. d4 Nf6 4. Nc3 Nbd7 5. Bc4 Be7 6. O-O O-O 7. Re1 a6 8. a4
b6 9. h3 Bb7 10. Be3 ({RR} 10. d5 Ne8 11. b4 Bc8 12. a5 b5 13. Bd3 g6 14. Ne2
Ng7 15. c4 bxc4 16. Bxc4 f5 17. Nc3 Nf6 18. Ng5 Kh8 19. b5 axb5 20. Bxb5 Bd7
21. Bc4 Nfh5 22. Ne6 Bxe6 23. dxe6 c6 24. exf5 gxf5 {Anand,V (2779)-Jobava,B  
(2702) Doha 2016 1/2-1/2 (34)}) 10... c6 11. Ba2 $146 ({RR} 11. d5 cxd5 12.
Bxd5 Bxd5 13. exd5 Qc7 14. Qd3 Qb7 15. Rad1 Rfc8 16. Bg5 Bf8 17. Ne4 Nxe4 18.
Qxe4 b5 19. axb5 axb5 20. b3 Ra2 21. Re2 Nc5 22. Qg4 Nxb3 23. Nxe5 Rcxc2 24.
Rxc2 Rxc2 25. Qf5 Rc7 {Garrido,D (2205)-Wiewiora,E (2333) chess.com INT 2022
0-1 (61)}) 11... Qc7 12. Qd3 b5 13. axb5 axb5 14. b4 h6 15. Bb3 Rxa1 16. Rxa1
Ra8 17. Rxa8+ Bxa8 18. d5 cxd5 19. Nxd5 Nxd5 20. Bxd5 Bxd5 21. Qxd5 Nf6 22.
Qxb5 Qxc2 23. Qb8+ Bf8 24. b5 Nd7 25. Qb7 Nc5 26. Bxc5 dxc5 27. Qc6 c4 28. b6
c3 29. b7 Qb1+ 30. Kh2 c2 31. Qxc2 Qxc2 32. b8=Q Qxe4 33. Qxe5 Qd3 34. Qe8 Qd6+
35. g3 g6 36. Ne5 Qf6 37. Qxf8+ Kxf8 38. Nd7+ Ke7 39. Nxf6 Kxf6 40. Kg2 Ke5 41.
Kf3 f5 42. g4 f4 43. h4 g5 44. hxg5 hxg5 45. Ke2 Kd4 46. Kd2 f3 47. Kc2 Kc4 48.
Kd2 Kd4 1/2-1/2

[Event "Floripa Chess Open 2024"]
[Site "Florianopolis"]
[Date "2024.01.27"]
[Round "9.117"]
[White "Altenhofen, Guilherme Graneto"]
[Black "Vitielo, Alecio Elias"]
[Result "0-1"]
[WhiteElo "1425"]
[BlackElo "1768"]
[PlyCount "92"]
[EventDate "2024.01.20"]
[EventRounds "10"]
[EventCountry "BRA"]

1. e4 d5 2. exd5 Nf6 3. Nc3 Nxd5 4. Bc4 Nb6 5. Bb3 c5 6. d3 e6 7. Nf3 Be7 8.
O-O O-O 9. Be3 Nc6 10. Ne4 Nd4 $146 ({RR} 10... Nd7 11. d4 b6 12. dxc5 Nxc5 13.
Nxc5 Bxc5 14. Bxc5 bxc5 15. Ba4 Qb6 16. Qd6 Nd4 17. Qxb6 axb6 18. Nxd4 Rxa4 19.
Nf3 {1/2-1/2 (19) Vajda,A-Kmoch,H Budapest 1926}) 11. Nxd4 cxd4 12. Bd2 Nd5 13.
Qh5 Nf6 14. Nxf6+ Bxf6 15. Rfe1 Bd7 16. Re4 g6 17. Rg4 Bg7 18. Qh4 Qxh4 19.
Rxh4 Rfc8 20. Re4 Bc6 21. Re2 Rd8 22. Bg5 Re8 23. Rae1 h6 24. Bf4 Rad8 25. Be5
Bxe5 26. Rxe5 Rd6 27. f3 Kg7 28. Kf2 Kf6 29. Bc4 a6 30. Bb3 Red8 31. R1e2 Bd5
32. Bxd5 Rxd5 33. Rxd5 Rxd5 34. f4 Rf5 35. Re4 e5 36. Kf3 g5 37. g3 h5 38. Rxe5
Rxe5 39. fxe5+ Kxe5 40. h3 f5 41. c4 g4+ 42. hxg4 hxg4+ 43. Kf2 f4 44. b4 f3
45. a4 a5 46. b5 Kd6 0-1

[Event "Floripa Chess Open 2024"]
[Site "Florianopolis"]
[Date "2024.01.27"]
[Round "9.118"]
[White "Santos, Humberto Robson"]
[Black "Donatti, Sofia"]
[Result "0-1"]
[WhiteElo "1322"]
[BlackElo "1767"]
[PlyCount "60"]
[EventDate "2024.01.20"]
[EventRounds "10"]
[EventCountry "BRA"]

1. e4 c5 2. Nf3 Nc6 3. Nc3 e6 4. d4 cxd4 5. Nxd4 e5 ({RR} 5... g6 6. g3 d6 7.
Bg2 Bd7 8. O-O Nf6 9. a4 Be7 10. Nb3 O-O 11. Qe2 Na5 12. Nxa5 Qxa5 13. Be3 Rac8
14. Rfd1 h6 15. h3 e5 16. Ra3 Qc7 17. Raa1 {1/2-1/2 (17) De Firmian,N (2560)
-Benjamin,J (2585) Philadelphia 1993}) 6. Nf3 ({RR} 6. Ndb5 d6 7. Nd5 Be7 8.
Nbc7+ Kf8 9. Nxa8 Be6 10. Nac7 Bxd5 11. Nxd5 Bh4 12. g3 Be7 13. Bg2 Nf6 14.
Nxe7 Qxe7 15. Bg5 h6 16. Bxf6 Qxf6 17. c3 g6 18. Qf3 Qe6 19. Qd3 h5 20. Qd5 Qe7
{Bas Mas,J (2260)-Blokhin,S (2060) chess.com INT 2022 1-0 (31)}) 6... Bb4 7.
Bd2 Nf6 8. Bd3 $146 ({RR} 8. Bc4 O-O 9. Qe2 d6 10. a3 Bxc3 11. Bxc3 Bg4 12. h3
Bh5 13. g4 Bg6 14. Bd3 d5 15. Nxe5 Nxe5 16. Bxe5 Nxe4 17. Bxe4 Bxe4 18. O-O Re8
19. f4 Qh4 20. Kh2 Rac8 21. c3 a6 22. Qf2 Qxf2+ {Mak,J (1797)-Soklovacki,M  
(1791) Senta 2017 1/2-1/2 (34)}) 8... O-O 9. a3 Ba5 10. O-O d5 11. Re1 Bg4 12.
b4 Bb6 13. Nxd5 Nd4 14. Bg5 Bxf3 15. gxf3 Qd7 16. c3 Nxd5 17. exd5 f6 18. Be3
Nf5 19. Qc2 Nh4 20. Kf1 Qh3+ 21. Ke2 Bxe3 22. Bxh7+ Kh8 23. fxe3 Nxf3 24. Rf1
Nxh2 25. Rf2 Ng4 26. Qe4 Nxf2 27. Kxf2 f5 28. Qh1 Qxh7 29. Qg2 Qh4+ 30. Ke2
Qg4+ 0-1

[Event "Floripa Chess Open 2024"]
[Site "Florianopolis"]
[Date "2024.01.27"]
[Round "9.119"]
[White "Pereira, Arthur Macedo"]
[Black "Nazario Sebastiao, Mariani"]
[Result "1-0"]
[WhiteElo "1764"]
[BlackElo "1530"]
[PlyCount "71"]
[EventDate "2024.01.20"]
[EventRounds "10"]
[EventCountry "BRA"]

1. d4 d5 2. c4 dxc4 3. e3 e6 4. Bxc4 a6 5. a4 Nf6 6. Nc3 Bb4 ({RR} 6... c5 7.
d5 exd5 8. Nxd5 Nxd5 9. Qxd5 Qxd5 10. Bxd5 Nd7 11. a5 Ne5 12. Bd2 Bd6 13. Bc3
Nd3+ 14. Ke2 Nb4 15. Bxb4 cxb4 16. Nf3 Ke7 17. Ng5 Rf8 18. Nxh7 Rd8 19. Ng5 Be5
20. Rhd1 Bd7 21. e4 {Borsuk,K (2413)-Razin,V (2428) Vinnytsia UKR 2021 0-1 (40)
}) ({RR} 6... b6 7. Be2 Bb7 8. Bf3 Qc8 9. Bxb7 Qxb7 10. Nf3 Nbd7 11. O-O Bd6
12. Qc2 e5 13. dxe5 Nxe5 14. Nxe5 Bxe5 15. Qf5 Bxc3 16. bxc3 Qe4 17. Qg5 O-O
18. c4 Qxc4 19. Bb2 Qe6 20. Rac1 Ne8 21. Qg3 {Kantorik,M (2222)-Pniaczek,M  
(2299) Krakow POL 2022 0-1 (37)}) 7. Nf3 Nbd7 $146 ({RR} 7... b6 8. O-O Bb7 9.
Ne5 O-O 10. Qb3 Qe7 11. Bd2 c5 12. dxc5 bxc5 13. Be2 Nc6 14. Nxc6 Bxc6 15. Rfd1
Qb7 16. Bf1 Rfd8 17. Rac1 Rac8 18. Qc4 Rd6 19. Be1 Rxd1 20. Rxd1 a5 {1/2-1/2  
(20) Huseyinkulu,G-Vasquez Ramirez,R (2235) Oropesa del Mar 2000}) ({RR} 7...
c5 8. O-O O-O 9. dxc5 Bxc5 10. Qe2 Nc6 11. e4 e5 12. h3 h6 13. Nd5 Nxd5 14.
Bxd5 Nd4 15. Nxd4 Bxd4 16. Be3 Bxe3 17. Qxe3 Qe7 18. Qb6 a5 19. Rfd1 Ra6 20.
Qb3 Be6 21. Bxe6 Rxe6 22. Rd3 {Gabrys,Z-Drozd,R Poznan 1962 1/2-1/2 (31)}) 8.
O-O Bxc3 9. bxc3 Ne4 10. Qc2 Ndf6 11. Bd3 Nd6 12. e4 Nd7 13. Ba3 O-O 14. e5 Ne8
15. Bxh7+ Kh8 16. Bxf8 Nxf8 17. Bd3 c6 18. Qe2 g6 19. h4 Ng7 20. Ng5 Kg8 21. g3
Nh7 22. Nxh7 Kxh7 23. h5 Qg5 24. hxg6+ fxg6 25. Qe3 Qxe3 26. fxe3 Nf5 27. Bxf5
gxf5 28. a5 Kg7 29. Rab1 Rb8 30. Kg2 Kg6 31. Kf3 Bd7 32. Rb6 Kg5 33. Rfb1 Bc8
34. Rxc6 Bd7 35. Rc7 Bc6+ 36. Rxc6 1-0

[Event "Floripa Chess Open 2024"]
[Site "Florianopolis"]
[Date "2024.01.27"]
[Round "9.120"]
[White "Silva Rosas, Natalia"]
[Black "Gomes, Joao Paulo Santos"]
[Result "0-1"]
[WhiteElo "1754"]
[BlackElo "1514"]
[PlyCount "104"]
[EventDate "2024.01.20"]
[EventRounds "10"]
[EventCountry "BRA"]

1. e4 c5 2. Nc3 Nc6 3. f4 g6 4. Nf3 Bg7 5. Bc4 e6 6. d3 Nge7 7. O-O O-O 8. Qe1
Nd4 9. Qf2 d5 ({RR} 9... d6 10. a3 Rb8 11. Ba2 b5 12. Be3 a5 13. Nxd4 cxd4 14.
Bxd4 b4 15. axb4 axb4 16. Ne2 Qc7 17. Bb3 Nc6 18. Bxg7 Kxg7 19. Nd4 Bd7 20. f5
Nxd4 21. Qxd4+ e5 22. f6+ Kh8 23. Qe3 Be6 24. Qh6 {Nithyalakshmi,S (1889)
-Santos Flores,A (2164) chess.com INT 2023 1-0}) 10. Bb3 Nxb3 11. axb3 b6 12.
Qh4 $146 ({RR} 12. Bd2 Bb7 13. Rfe1 Qd7 14. e5 Rfd8 15. Re2 a6 16. d4 Rac8 17.
Na4 Qc7 18. dxc5 bxc5 19. b4 c4 20. Be3 Re8 21. Bb6 Qb8 22. Ba7 Qa8 23. Bc5 Qb8
24. Bd6 Rc7 25. Qb6 Rc6 26. Bxb8 Rxb6 {Promyshlyanskiy,V (2206)-Heppert,L  
(1828) Nürnberg 2012 1-0 (59)}) 12... Nc6 13. Qh3 Nd4 14. Nxd4 cxd4 15. Ne2
dxe4 16. dxe4 Qc7 17. e5 Qxc2 18. Nxd4 Qe4 19. Be3 Bb7 20. Nb5 Qb4 21. Nc7 Rac8
22. Rfc1 a5 23. Rc3 Rcd8 24. Qg3 Rd7 25. f5 exf5 26. Bg5 Qd4+ 27. Be3 Qxe5 28.
Bf4 Qd4+ 29. Be3 Qb4 30. Ra4 Qe7 31. Rc1 Be5 32. Bf4 Bxf4 33. Qxf4 Qe2 34. Qf1
Qxf1+ 35. Kxf1 Rd2 36. Rf4 Rfd8 37. Rf2 Rxf2+ 38. Kxf2 Rd2+ 39. Ke3 Rxg2 40.
Ne8 Be4 41. Nf6+ Kg7 42. Ne8+ Kf8 43. Nf6 Rxh2 44. Rc8+ Ke7 45. Ng8+ Kd7 46.
Rf8 Rxb2 47. Rxf7+ Kc6 48. Rxh7 Rxb3+ 49. Kd4 Kb5 50. Rh6 a4 51. Rxg6 a3 52.
Rg1 Bb1 0-1

[Event "Floripa Chess Open 2024"]
[Site "Florianopolis"]
[Date "2024.01.27"]
[Round "9.121"]
[White "Franca Junior, Jairo"]
[Black "Justiniano Flores, Luis Fernando"]
[Result "0-1"]
[WhiteElo "1753"]
[BlackElo "1486"]
[PlyCount "138"]
[EventDate "2024.01.20"]
[EventRounds "10"]
[EventCountry "BRA"]

1. c4 c5 2. Nf3 Nc6 3. g3 g6 4. Bg2 Bg7 5. O-O Nf6 6. Nc3 a6 7. d4 cxd4 8. Nxd4
Qc7 ({RR} 8... Nxd4 9. Qxd4 d6 10. c5 O-O 11. cxd6 Ne8 12. Qh4 Nxd6 13. Rd1 Qa5
14. Nd5 Nf5 15. Nxe7+ Nxe7 16. Qxe7 Bg4 17. Bd2 Qb5 18. Bc3 Bxc3 19. bxc3 Rac8
20. Bxb7 Rce8 21. Qb4 Bxe2 22. Rd2 Qh5 23. Qf4 {Aravindh,C (2500)-Osuna Vega,E
(2127) Gibraltar 2016 1-0}) 9. Nb3 $146 ({RR} 9. Nxc6 bxc6 10. Rb1 h5 11. Bg5
Qa5 12. Qd2 Qc5 13. Rbc1 Ng4 14. h3 Bf6 15. Bxf6 Nxf6 16. Na4 Qa7 17. Rfd1 O-O
18. e4 Qc7 19. c5 Rb8 20. Nb6 d5 21. exd5 cxd5 22. Nxd5 Nxd5 23. Bxd5 Bxh3 {
Juhasz,S (1951)-Bartok Csato,G (2062) Hungary 2007 1-0}) 9... d6 10. Bg5 Be6
11. Nd5 Qd8 12. Qd2 Bxd5 13. cxd5 Ne5 14. Rac1 O-O 15. h3 Rc8 16. Rxc8 Qxc8 17.
Rc1 Qf5 18. Nd4 Qd7 19. f4 h6 20. fxe5 Nxd5 21. Bxh6 Bxh6 22. Qxh6 dxe5 23. Nf3
Nf6 24. Nxe5 Qd4+ 25. Kh2 Qxe5 26. Qd2 Kg7 27. Qc3 Qxe2 28. Re1 Qf2 29. Rxe7
Rd8 30. Qb3 Ng4+ 31. Kh1 Nh6 32. Qc3+ Kg8 33. Qf3 Qxb2 34. Rxb7 Qxa2 35. g4
Qa1+ 36. Kh2 a5 37. Qf4 a4 38. Qc7 Nxg4+ 39. hxg4 Qh8+ 40. Kg3 Rd3+ 41. Bf3 Qf6
42. Qf4 Qe6 43. Qxa4 Qe1+ 44. Kg2 Rd2+ 45. Kh3 Qf1+ 46. Kh4 Rh2+ 47. Kg5 Qc1+
48. Kf6 Qc3+ 49. Ke7 Qxf3 50. Qe8+ Kh7 51. Qxf7+ Qxf7+ 52. Kxf7 Rf2+ 53. Ke6+
Kh6 54. Rf7 Rg2 55. Rf4 Kg5 56. Rf8 Kxg4 57. Rg8 g5 58. Ke5 Rb2 59. Rg7 Rb8 60.
Re7 Kh3 61. Ke4 g4 62. Ke3 Kh2 63. Rg7 g3 64. Kf3 Rf8+ 65. Ke3 Rf2 66. Rg6 Ra2
67. Rh6+ Kg1 68. Rg6 g2 69. Kf3 Kf1 0-1

[Event "Floripa Chess Open 2024"]
[Site "Florianopolis"]
[Date "2024.01.27"]
[Round "9.122"]
[White "Felix, Raimundo Nascimento"]
[Black "Nicacio, Daniel Ramos"]
[Result "1-0"]
[WhiteElo "1749"]
[BlackElo "1479"]
[PlyCount "71"]
[EventDate "2024.01.20"]
[EventRounds "10"]
[EventCountry "BRA"]

1. c4 e5 2. Nc3 d6 3. Nf3 Nf6 4. d3 g6 5. g3 Bg7 6. Bg2 O-O 7. O-O Re8 8. Ne1 (
{RR} 8. h3 c6 9. e4 h6 10. Re1 Na6 11. Rb1 Nc5 12. Be3 Ne6 13. Qd2 Kh7 14. d4
exd4 15. Nxd4 Ng5 16. Bxg5 hxg5 17. Rbd1 g4 18. hxg4 Bxg4 19. Nf3 Qb6 20. Na4
Qa6 21. b3 Bxf3 22. Bxf3 Bf8 {Agrest,E (2588)-Nithander,V (2434) Sweden 2009
1-0 (48)}) 8... Nbd7 $146 ({RR} 8... Nc6 9. Rb1 Ne7 10. e4 Be6 11. Nc2 Nd7 12.
Ne3 f5 13. f4 c6 14. g4 Rf8 15. gxf5 gxf5 16. Bh3 exf4 17. Rxf4 Ng6 18. Rxf5
Bxf5 19. Nxf5 Nde5 20. d4 Nf7 21. Qh5 Qc7 22. Be3 Rae8 23. Kh1 {Kushnir,
A-Bishard,E Leningrad (Russia) 1959 1-0}) ({RR} 8... c6 9. Nc2 d5 10. cxd5 Nxd5
11. Nxd5 cxd5 12. Nb4 Be6 13. Qa4 Nd7 14. e4 Nc5 15. Qb5 Rc8 16. Nxd5 a6 17.
Qb4 a5 18. Qb5 Qd6 19. Be3 Qa6 20. Qxa6 bxa6 21. Rfd1 Na4 22. Rd2 Bxd5 23. exd5
{Larkin,V (2450)-Narciso Dublan,M (2429) Donostia ESP 2023 1-0 (49)}) ({RR} 
8... a5 9. Rb1 Na6 10. a3 h5 11. Bg5 Qd7 12. b4 axb4 13. axb4 Nh7 14. Qd2 Nxg5
15. Qxg5 c6 16. Nc2 Nc7 17. b5 Ne6 18. Qd2 Qc7 19. Ra1 Bd7 20. bxc6 Rxa1 21.
Rxa1 bxc6 22. Qc1 Nd4 23. Ra2 {Mihov,F (1705)-Vrban,R (2124) Skopje 2015 1/2-1/
2 (61)}) 9. Rb1 Qe7 10. b4 h5 11. Bg5 Nf8 12. Qa4 N8h7 13. Nd5 Qd8 14. Nxf6+
Bxf6 15. Bxf6 Qxf6 16. Qxe8+ Kg7 17. Qa4 h4 18. Qc2 Ng5 19. f4 Nh3+ 20. Kh1
hxg3 21. hxg3 Bf5 22. e4 Bg4 23. fxe5 Qg5 24. Nf3 Qh5 25. Nh2 Rh8 26. Bxh3 Bxh3
27. Qf2 Be6 28. Qf6+ Kg8 29. Rb2 Qg4 30. Qf4 Qh5 31. exd6 cxd6 32. Kg1 a5 33.
bxa5 Qxa5 34. Rxb7 Rxh2 35. Rb8+ Kh7 36. Kxh2 1-0

[Event "Floripa Chess Open 2024"]
[Site "Florianopolis"]
[Date "2024.01.27"]
[Round "9.123"]
[White "Fuxz, Diego"]
[Black "Esteves Neto, Antonio Francisco"]
[Result "1-0"]
[WhiteElo "1749"]
[BlackElo "1800"]
[PlyCount "70"]
[EventDate "2024.01.20"]
[EventRounds "10"]
[EventCountry "BRA"]

1. c4 e5 2. Nc3 Bb4 3. Nd5 Bc5 4. b4 Bd4 5. Rb1 c6 6. Nc3 ({RR} 6. e3 Bb6 7.
Nxb6 axb6 8. Nf3 e4 9. Nd4 Nf6 10. d3 d5 11. cxd5 Qxd5 12. a3 O-O 13. dxe4 Qxe4
14. Bb2 Nbd7 15. Nf3 Qe7 16. Qd4 Re8 17. Bd3 Nf8 18. Qc3 Bg4 19. Ne5 Bh5 20.
O-O Rad8 {Aronian,L (2780)-Anand,V (2775) Leuven 2017 1-0 (49)}) 6... Bxc3 ({RR
} 6... d5 7. e3 Bxc3 8. dxc3 Be6 9. c5 Ne7 10. Nf3 f6 11. Be2 O-O 12. O-O a6
13. a4 Nd7 14. Rb2 Ng6 15. Qc2 f5 16. c4 Nh4 17. cxd5 cxd5 18. Nxh4 Qxh4 19. g3
Qe7 20. Rb1 Rac8 21. Ba3 {Cortese,L (1598)-Cokan,M (1677) Nova Gorica SLO 2023
1-0 (48)}) 7. dxc3 d5 8. cxd5 Bf5 $146 ({RR} 8... cxd5 9. Nf3 f6 10. e3 Be6 11.
Bb5+ Nd7 12. O-O Ne7 13. Ba4 Rc8 14. Bb2 O-O 15. Bc2 Bg4 16. h3 Be6 17. Nd2 Nb6
18. a4 Nc4 19. Nxc4 Rxc4 20. Bd3 Rh4 21. f3 Qd7 22. Qe1 Rh6 23. Qg3 {
Shilintsev,V (1932)-Izmestiev,I (2098) Novokuznetsk 2011 0-1 (34)}) 9. Rb2 cxd5
10. Nf3 Qc7 11. Bd2 Nf6 12. e3 Nbd7 13. Be2 Ne4 14. Qb3 Qd6 15. O-O h5 16. c4
g5 17. Bc3 h4 18. Rc1 Be6 19. Nd2 Nxc3 20. Qxc3 Qc7 21. Qb3 Nf6 22. cxd5 Bxd5
23. Bb5+ Ke7 24. Bc4 Rhd8 25. Bxd5 Rxd5 26. Nf3 Rad8 27. Rbb1 e4 28. Rd1 Qd6
29. Nd4 Ng4 30. g3 Rh8 31. Qc2 hxg3 32. Qxe4+ Kd8 33. Qxg4 gxf2+ 34. Kf1 Qa6+
35. b5 Qxa2 1-0